| 000 | 01012nam a2200277Ia 4500 | ||
|---|---|---|---|
| 003 | OSt | ||
| 005 | 20221005104555.0 | ||
| 006 | a|||||r|||| 00| 0 | ||
| 007 | ta | ||
| 008 | 221004b |||||||| |||| 00| 0 hin d | ||
| 020 |
_a9788170287131 (pbk) _cINR 135.00 |
||
| 024 | _a41472 | ||
| 037 |
_b283, 15/02/2019, Eastern Book Linkers _cTextual |
||
| 040 |
_aCRL _cCRL _bhin |
||
| 041 |
_2hin _ahin |
||
| 082 | _aO152,3N19x, Q6 | ||
| 100 | _aप्रीतम, अमृता, ले. | ||
| 245 | 0 | _aदीवारों के साये में | |
| 246 | _aDīvāroan ke sāye mean | ||
| 260 |
_aदिल्ली _bराजपाल एन्ड सन्ज भारत _c2016 |
||
| 300 |
_a95पृ0 _ccm. |
||
| 650 | _a हिन्दी साहित्य | ||
| 650 | _aहिन्दी कहानी | ||
| 942 |
_hO152,3N19x, Q6 _cTEXL _2cc |
||
| 999 |
_c1013140 _d1013140 |
||